000 00743nam a2200241 a 4500
999 _c20901
_d20901
001 3463680
003 BDDh-ASL
005 20231015025940.0
008 921228s1992 bg 000 0 eng
010 _a 92252386
040 _aDLC
_cDLC
_dBDDh-ASL
043 _aa-bg---
050 0 0 _aHV8250.6.A2
_bH86 1992
082 0 0 _a301
_220
_bENR
100 1 _aHuq, M. Enamul.
245 1 0 _aReadings on policing /
_cM. Enamul Huq.
260 _aDhaka, Bangladesh :
_bSumi Printings and Publications,
_c1992.
300 _a127 p. ;
_c22 cm.
650 0 _aPolice
_zBangladesh.
906 _a7
_bcbc
_corignew
_d3
_encip
_f19
_gy-gencatlg
942 _2ddc
_cBK